Shopping centres in the 1990s: the multiples` choice (Record no. 30011)
[ view plain ]
| 000 -LEADER | |
|---|---|
| fixed length control field | 01107cab a2200217 4500 |
| 001 - CONTROL NUMBER | |
| control field | ABS44513 |
| 008 - FIXED-LENGTH DATA ELEMENTS--GENERAL INFORMATION | |
| fixed length control field | 090401t1991 xxu||||| |||| 00| 0 eng d |
| 035 ## - SYSTEM CONTROL NUMBER | |
| System control number | (Sirsi) u47604 |
| 041 ## - LANGUAGE CODE | |
| Language code of text/sound track or separate title | eng |
| 100 ## - MAIN ENTRY--PERSONAL NAME | |
| Personal name | Goble, J.M. |
| 245 ## - TITLE STATEMENT | |
| Title | Shopping centres in the 1990s: the multiples` choice |
| 260 ## - PUBLICATION, DISTRIBUTION, ETC. | |
| Date of publication, distribution, etc. | 1991 |
| 350 ## - PRICE (NR) (BK AM CF MU VM SE) [OBSOLETE] | |
| Price | 0 |
| 490 ## - SERIES STATEMENT | |
| Series statement | Property Management |
| Volume/sequential designation | 9(2) Spring 1991, 105-110(6) |
| 520 ## - SUMMARY, ETC. | |
| Summary, etc. | The article presents the findings of a Debenham Tewson & Chinnocks research project into retail management trends , particularly into the expression of shop location choices. The high street remains the retailer`s preference, but often space requirements can be answered only by shopping centres which dominate the shop construction sector. Important factors in the decision of location, subject to availability, are the range of fellow tenants, cost, and convenience of car parking. The conclusion points to future directions. |
| 650 ## - SUBJECT ADDED ENTRY--TOPICAL TERM | |
| Topical term or geographic name entry element | MULTIPLE STORES |
| 650 ## - SUBJECT ADDED ENTRY--TOPICAL TERM | |
| Topical term or geographic name entry element | RETAIL PROPERTY |
| 690 ## - LOCAL SUBJECT ADDED ENTRY--TOPICAL TERM (OCLC, RLIN) | |
| Topical term or geographic name as entry element | PROPERTY-COMMERCIAL PROPERTY-COMMERCIAL PROPERTY MARKET |
| 942 ## - ADDED ENTRY ELEMENTS (KOHA) | |
| Suppress in OPAC | 0 |
| 948 ## - LOCAL PROCESSING INFORMATION (OCLC); SERIES PART DESIGNATOR (RLIN) | |
| c (OCLC) | 04/03/1997 |
| Withdrawn status | Lost status | Source of classification or shelving scheme | Damaged status | Not for loan | Home library | Current library | Shelving location | Date acquired | Total Checkouts | Full call number | Barcode | Date last seen | Copy number | Price effective from | Koha item type |
|---|---|---|---|---|---|---|---|---|---|---|---|---|---|---|---|
| Dewey Decimal Classification | London | London | Journal article | 14/09/1999 | ABS44513 | 47604-1001 | 06/08/2019 | 1 | 06/08/2019 | Journal article |